00434nam a2200145 a 4500020001500000040000800015082002600023100002900049245005700078260004600135300004500181650002100226650001400247700002700261 a0697418944 cDLC00a025 WCB 1998 A005 Or.1 aPendarvis, Murray Paton.10aNetQuest :bexploring human anatomy and physiology / a[Dubuque, IA] :bWCB/McGraw-Hill,cc1998. a1 v. (various pagings) :bill. ;c28 cm. 0aHuman physiology 0aWeb sites1 aDardis, Deborah Athas.